[Event "Villarrica op 1st"]
[Site "Villarrica"]
[Date "2021.02.28"]
[Round "3"]
[White "Gomez Zorrilla, Victor Antonio"]
[Black "Recalde, Ariel"]
[Result "1-0"]
[WhiteElo "1789"]
[BlackElo "1894"]
[PlyCount "73"]
[EventDate "2021.02.27"]
[EventType "swiss"]
[EventRounds "7"]
[EventCountry "PAR"]
[SourceTitle "EXT 2022"]
[Source "ChessBase"]
[SourceDate "2021.10.06"]
[SourceVersion "1"]
[SourceVersionDate "2021.10.06"]
[SourceQuality "1"]

1. e4 c6 2. d4 d5 3. Nc3 dxe4 4. Nxe4 Nd7 5. Nf3 Ngf6 6. Bd3 Nxe4 7. Bxe4 Nf6 8. Qe2 Bg4 9. c3 e6 10. Bg5 Be7 11. h3 Bh5 12. Bxf6 Bxf6 13. g4 Bg6 14. Bxg6 hxg6 15. 0-0-0 Qd5 16. c4 Qa5 17. Kb1 0-0-0 18. Rd3 Kb8 19. h4 c5 20. Ne5 Qc7 21. f4 g5 22. fxg5 Bxe5 23. dxe5 Rxd3 24. Qxd3 Qxe5 25. Rd1 a6 26. a4 Rxh4 27. Qd8+ Ka7 28. a5 Qe4+ 29. Ka1 Qc6 30. g6 fxg6 31. b3 Rxg4 32. Rd6 Rg1+ 33. Kb2 Qg2+ 34. Rd2 Qc6 35. Rd6 Rg2+ 36. Ka3 Rg1 37. Rxc6 1-0

[Event "PAR-ch sf"]
[Site "Asuncion"]
[Date "2020.03.07"]
[Round "3"]
[White "Recalde, Ariel"]
[Black "Andrada Bittinger, Santiago Jose"]
[Result "1-0"]
[WhiteElo "1893"]
[BlackElo "1219"]
[PlyCount "113"]
[EventDate "2020.03.06"]
[EventType "swiss"]
[EventRounds "7"]
[EventCountry "PAR"]
[SourceTitle "CBM 195 Extra"]
[Source "ChessBase"]
[SourceDate "2020.05.31"]
[SourceVersion "1"]
[SourceVersionDate "2020.05.31"]
[SourceQuality "1"]

1. Nf3 e6 2. d4 Nf6 3. Bg5 Be7 4. c4 d5 5. Nc3 0-0 6. e3 Nbd7 7. Rc1 dxc4 8. Bxc4 Nb6 9. Bb3 Nfd5 10. Bxe7 Nxe7 11. Bc2 f5 12. 0-0 Nbd5 13. Qe2 Ng6 14. Bb3 c6 15. Rfd1 Qf6 16. a3 Bd7 17. Ba2 Nh4 18. Ne5 Rad8 19. g3 Ng6 20. f4 Nxe5 21. dxe5 Qe7 22. Kg2 g5 23. e4 fxe4 24. Nxe4 gxf4 25. Qg4+ Qg7 26. Qxg7+ Kxg7 27. Bxd5 f3+ 28. Kf2 exd5 29. Nf6 Be6 30. Rd4 Rc8 31. b4 b6 32. Rh4 h6 33. Nh5+ Kh7 34. Rf4 Rxf4 35. gxf4 c5 36. Nf6+ Kg6 37. Kxf3 c4 38. h4 d4 39. Ke4 Bf5+ 40. Kxd4 Rd8+ 41. Kc3 b5 42. Rg1+ Kf7 43. Rg3 Rd1 44. Ng4 Bxg4 45. Rxg4 Rd3+ 46. Kb2 Rb3+ 47. Kc1 Rxa3 48. Kd2 Rh3 49. f5 h5 50. e6+ Kf6 51. Rg6+ Kxf5 52. e7 c3+ 53. Ke2 Rh2+ 54. Kf3 c2 55. e8Q Rh3+ 56. Kg2 c1Q 57. Qe6+ 1-0

[Event "Asuncion DTA op 6th"]
[Site "Asuncion"]
[Date "2019.08.04"]
[Round "6"]
[White "Cantero, Rodolfo"]
[Black "Recalde, Ariel"]
[Result "1/2-1/2"]
[WhiteElo "2133"]
[BlackElo "1899"]
[PlyCount "91"]
[EventDate "2019.08.01"]
[EventType "swiss"]
[EventRounds "7"]
[EventCountry "PAR"]
[SourceTitle "EXT 2020"]
[Source "ChessBase"]
[SourceDate "2019.10.17"]
[SourceVersion "1"]
[SourceVersionDate "2019.10.17"]
[SourceQuality "1"]

1. c4 b6 2. Nc3 Bb7 3. e4 e6 4. d4 Bb4 5. Bd3 f5 6. Qh5+ g6 7. Qe2 Nf6 8. Bg5 h6 9. Bxf6 Qxf6 10. Nf3 c5 11. e5 Qe7 12. 0-0 cxd4 13. Nb5 Qd8 14. Nfxd4 Nc6 15. Nc2 Bc5 16. a3 Qg5 17. Qf3 Rb8 18. Qg3 Qxg3 19. hxg3 Nxe5 20. Be2 a6 21. Nc3 Rc8 22. Na4 Nxc4 23. Bxc4 Bxf2+ 24. Rxf2 Rxc4 25. Nxb6 Rg4 26. Rd1 d5 27. Kh2 Re4 28. Nb4 h5 29. Rf4 Re2 30. Nd3 e5 31. Rf2 Rxf2 32. Nxf2 Kf7 33. Nxd5 Rd8 34. Ne3 Rxd1 35. Nfxd1 Ke6 36. Kg1 f4 37. gxf4 exf4 38. Nc2 Kd5 39. b3 g5 40. Nc3+ Ke5 41. Kf2 g4 42. Ne2 h4 43. Ncd4 Be4 44. b4 h3 45. gxh3 gxh3 46. Ng1 1/2-1/2

[Event "Asuncion DTA op 6th"]
[Site "Asuncion"]
[Date "2019.08.01"]
[Round "1"]
[White "Recalde, Ariel"]
[Black "Aguero, Wilson Martin"]
[Result "1-0"]
[WhiteElo "1899"]
[BlackElo "1469"]
[PlyCount "60"]
[EventDate "2019.08.01"]
[EventType "swiss"]
[EventRounds "7"]
[EventCountry "PAR"]
[SourceTitle "EXT 2020"]
[Source "ChessBase"]
[SourceDate "2019.10.17"]
[SourceVersion "1"]
[SourceVersionDate "2019.10.17"]
[SourceQuality "1"]

1. e4 e6 2. d4 d5 3. Nd2 c5 4. exd5 exd5 5. Ngf3 Nf6 6. Bb5+ Bd7 7. Qe2+ Qe7 8. 0-0 Qxe2 9. Bxe2 Be7 10. dxc5 Bxc5 11. Nb3 Bb6 12. a4 a5 13. Bb5 0-0 14. Re1 Nc6 15. Be3 Bxe3 16. Rxe3 Rfe8 17. Rae1 Rxe3 18. Rxe3 b6 19. Kf1 Re8 20. Rc3 Rc8 21. Nbd4 Nxd4 22. Rxc8+ Bxc8 23. Nxd4 Kf8 24. Ke2 Ke7 25. f3 Kd6 26. Kd3 g5 27. c3 Nh5 28. g3 Ng7 29. b4 axb4 30. cxb4 Ne8 1-0

[Event "PAR-ch sf 4th"]
[Site "Pedro Juan Caballero"]
[Date "2019.06.16"]
[Round "6.2"]
[White "Recalde, Ariel"]
[Black "De Jesus, Joao Pedro Mendez"]
[Result "1-0"]
[WhiteElo "1903"]
[BlackElo "1334"]
[PlyCount "103"]
[EventDate "2019.06.13"]
[EventType "swiss"]
[EventRounds "7"]
[EventCountry "PAR"]
[SourceTitle "EXT 2023"]
[Source "ChessBase"]
[SourceDate "2022.10.05"]
[SourceVersion "1"]
[SourceVersionDate "2022.10.05"]
[SourceQuality "1"]

1. Nf3 Nf6 2. c4 e6 3. d4 b6 4. g3 Bb7 5. Bg2 d5 6. 0-0 Nbd7 7. Ne5 Bd6 8. cxd5 Nxd5 9. e4 N5f6 10. Nxd7 Nxd7 11. e5 Bxg2 12. Kxg2 Be7 13. Qg4 g6 14. Nc3 c6 15. Qe4 Rc8 16. Bh6 Bg5 17. Bxg5 Qxg5 18. f4 Qe7 19. Qf3 f5 20. exf6 Nxf6 21. Rfe1 Kf7 22. Ne4 Nxe4 23. Rxe4 Qd7 24. Rae1 Rhe8 25. Qb3 Qd5 26. Qa3 a5 27. b4 axb4 28. Qxb4 Qxa2+ 29. R1e2 Qa5 30. Qb3 Rb8 31. Rxe6 Qd5+ 32. Qxd5 cxd5 33. Rxe8 Rxe8 34. Rxe8 Kxe8 35. Kf3 Ke7 36. Ke3 Ke6 37. g4 h5 38. h3 hxg4 39. hxg4 Kd6 40. Kd3 Kc6 41. Kc3 Kb7 42. Kb4 Kc6 43. Kc3 Kb7 44. Kb4 Kc6 45. f5 gxf5 46. gxf5 b5 47. f6 Kd6 48. Kxb5 Ke6 49. Kc6 Kxf6 50. Kxd5 Ke7 51. Kc6 Ke6 52. d5+ 1-0

[Event "Asuncion Avanza Cup"]
[Site "Asuncion"]
[Date "2018.12.09"]
[Round "5"]
[White "Villagra Ramirez, Derlis Miguel"]
[Black "Recalde, Ariel"]
[Result "0-1"]
[WhiteElo "1676"]
[BlackElo "1890"]
[PlyCount "39"]
[EventDate "2018.12.07"]
[EventType "swiss"]
[EventRounds "7"]
[EventCountry "PAR"]
[SourceTitle "CBM 187 Extra"]
[Source "ChessBase"]
[SourceDate "2018.11.04"]
[SourceVersion "1"]
[SourceVersionDate "2018.11.04"]
[SourceQuality "1"]

1. e4 c6 2. d4 d5 3. e5 c5 4. dxc5 e6 5. Be3 Qc7 6. Na3 a6 7. f4 Bxc5 8. Bxc5 Qxc5 9. Qd2 Ne7 10. Nf3 Nbc6 11. c3 Bd7 12. b4 Qb6 13. b5 Na5 14. Qd4 Qxd4 15. Nxd4 0-0 16. Bd3 Rfc8 17. bxa6 Rxc3 18. axb7 Nxb7 19. Bb5 Nc6 20. Nb1 0-1

[Event "Asuncion Avanza Cup"]
[Site "Asuncion"]
[Date "2018.12.08"]
[Round "3"]
[White "Cantero, Rodolfo"]
[Black "Recalde, Ariel"]
[Result "1-0"]
[WhiteElo "2045"]
[BlackElo "1890"]
[PlyCount "67"]
[EventDate "2018.12.07"]
[EventType "swiss"]
[EventRounds "7"]
[EventCountry "PAR"]
[SourceTitle "CBM 187 Extra"]
[Source "ChessBase"]
[SourceDate "2018.11.04"]
[SourceVersion "1"]
[SourceVersionDate "2018.11.04"]
[SourceQuality "1"]

1. e4 c6 2. d3 d5 3. Nd2 e5 4. Ngf3 Bd6 5. g3 Nf6 6. Bg2 Bg4 7. 0-0 Nbd7 8. h3 Bh5 9. Qe1 0-0 10. b3 Re8 11. Bb2 Bg6 12. Nh4 Qe7 13. Nxg6 hxg6 14. Qe2 Ba3 15. Bxa3 Qxa3 16. exd5 Nxd5 17. Nc4 Qc5 18. Qd2 a5 19. Ne3 N7f6 20. c4 Nc7 21. a3 Rad8 22. Rfd1 Ne6 23. b4 axb4 24. axb4 Qd4 25. Nc2 Qd7 26. Qc3 Nd4 27. Nxd4 exd4 28. Qb2 Re5 29. Re1 Qf5 30. Rxe5 Qxe5 31. Qd2 Re8 32. Bf3 Qf5 33. Kg2 Nd7 34. Bg4 1-0

[Event "Paraguay Champions"]
[Site "Asuncion"]
[Date "2018.10.23"]
[Round "6"]
[White "Recalde, Ariel"]
[Black "Diaz, Fernando"]
[Result "1/2-1/2"]
[WhiteElo "1906"]
[BlackElo "2095"]
[PlyCount "28"]
[EventDate "2018.10.20"]
[EventType "tourn"]
[EventRounds "9"]
[EventCountry "PAR"]
[SourceTitle "CBM 187 Extra"]
[Source "ChessBase"]
[SourceDate "2018.11.04"]
[SourceVersion "1"]
[SourceVersionDate "2018.11.04"]
[SourceQuality "1"]

1. Nf3 Nf6 2. d4 e6 3. Bg5 Be7 4. e3 c5 5. c4 0-0 6. Nc3 Qb6 7. a3 d6 8. Bd3 Nc6 9. 0-0 Na5 10. Qc2 Qb3 11. Qe2 Qb6 12. Qc2 Qb3 13. Qe2 Qb6 14. Qc2 Qb3 1/2-1/2

[Event "PAR-ch sf"]
[Site "Asuncion"]
[Date "2018.08.16"]
[Round "9"]
[White "Recalde, Ariel"]
[Black "Heinechen, John"]
[Result "1/2-1/2"]
[WhiteElo "1867"]
[BlackElo "2015"]
[PlyCount "46"]
[EventDate "2018.08.10"]
[EventType "swiss"]
[EventRounds "9"]
[EventCountry "PAR"]
[SourceTitle "CBM 186 Extra"]
[Source "ChessBase"]
[SourceDate "2018.08.24"]
[SourceVersion "1"]
[SourceVersionDate "2018.08.24"]
[SourceQuality "1"]

1. d4 d5 2. Nf3 Nf6 3. c4 e6 4. Nc3 Nbd7 5. Bg5 Be7 6. e3 0-0 7. Rc1 c6 8. Bd3 a6 9. 0-0 dxc4 10. Bxc4 b5 11. Bb3 c5 12. d5 exd5 13. Nxd5 Bb7 14. Bxf6 Nxf6 15. Nxf6+ Bxf6 16. Rxc5 Qxd1 17. Rxd1 Bxf3 18. gxf3 Bxb2 19. Kg2 Rac8 20. Rxc8 Rxc8 21. Rd2 Bf6 22. Rc2 Rxc2 23. Bxc2 b4 1/2-1/2

[Event "Asuncion Clasificatorio op 4th"]
[Site "Asuncion"]
[Date "2018.06.08"]
[Round "1"]
[White "Amarilla Ettiene, Ezequiel"]
[Black "Recalde, Ariel"]
[Result "0-1"]
[WhiteElo "1143"]
[BlackElo "1912"]
[PlyCount "48"]
[EventDate "2018.06.08"]
[EventType "swiss"]
[EventRounds "7"]
[EventCountry "PAR"]
[SourceTitle "CBM 184 Extra"]
[Source "ChessBase"]
[SourceDate "2018.06.28"]
[SourceVersion "1"]
[SourceVersionDate "2018.06.28"]
[SourceQuality "1"]

1. e4 c6 2. Bc4 d5 3. exd5 cxd5 4. Bb5+ Nc6 5. c4 Nf6 6. Nc3 d4 7. Nce2 e5 8. d3 Bb4+ 9. Bd2 Bxd2+ 10. Qxd2 0-0 11. 0-0-0 Qd6 12. Nf3 Nb4 13. a3 a6 14. Qxb4 Qxb4 15. axb4 axb5 16. Nxe5 Re8 17. f4 Ng4 18. Rhf1 f6 19. Nxg4 Rxe2 20. Kb1 Bxg4 21. Rfe1 Rae8 22. Rxe2 Bxe2 23. Rc1 Bxd3+ 24. Ka2 bxc4 0-1

[Event "PAR-ch sf"]
[Site "Asuncion"]
[Date "2017.08.13"]
[Round "3"]
[White "Jodorcovsky, Alejandro David"]
[Black "Recalde, Ariel"]
[Result "0-1"]
[WhiteElo "1284"]
[BlackElo "1920"]
[PlyCount "48"]
[EventDate "2017.08.11"]
[EventType "swiss"]
[EventRounds "9"]
[EventCountry "PAR"]
[SourceTitle "CBM 180 Extra"]
[Source "ChessBase"]
[SourceDate "2017.10.06"]
[SourceVersion "1"]
[SourceVersionDate "2017.10.06"]
[SourceQuality "1"]

1. e4 d5 2. exd5 Qxd5 3. Nc3 Qd6 4. d4 Nf6 5. Bc4 Nc6 6. Nf3 Bg4 7. Be3 e6 8. h3 Bxf3 9. Qxf3 0-0-0 10. 0-0-0 Qb4 11. Qe2 Qa5 12. Kb1 Ba3 13. bxa3 Qxc3 14. Qd3 Qa5 15. Qb3 Ne4 16. Rd3 Nd6 17. Bd2 Qf5 18. Rf3 Nxc4 19. Qxc4 Qe4 20. Be3 Ne5 21. Rf4 Qxf4 22. Qxc7+ Kxc7 23. Bxf4 Kc6 24. dxe5 Rd4 0-1

[Event "PAR-ch sf"]
[Site "Asuncion"]
[Date "2017.08.13"]
[Round "4"]
[White "Recalde, Ariel"]
[Black "Riline Orso, Alejandro"]
[Result "1-0"]
[WhiteElo "1920"]
[BlackElo "2162"]
[PlyCount "109"]
[EventDate "2017.08.11"]
[EventType "swiss"]
[EventRounds "9"]
[EventCountry "PAR"]
[SourceTitle "CBM 180 Extra"]
[Source "ChessBase"]
[SourceDate "2017.10.06"]
[SourceVersion "1"]
[SourceVersionDate "2017.10.06"]
[SourceQuality "1"]

1. Nf3 Nf6 2. c4 c5 3. d4 cxd4 4. Nxd4 b6 5. Nc3 Bb7 6. f3 e6 7. e4 d6 8. Bg5 a6 9. Qd2 Be7 10. Be2 0-0 11. 0-0 Nbd7 12. Rfd1 Rc8 13. Rac1 Qc7 14. Kh1 Rfe8 15. Ndb5 axb5 16. Nxb5 Qb8 17. Nxd6 Bxd6 18. Qxd6 Rc6 19. Qxb8 Rxb8 20. b4 Nf8 21. a4 Ra8 22. a5 bxa5 23. b5 Rc5 24. Be3 N8d7 25. g4 h6 26. h4 g5 27. hxg5 hxg5 28. Rd2 a4 29. Ra1 Kg7 30. Rda2 Rh8+ 31. Kg2 Rcc8 32. Rxa4 Nc5 33. Ra7 Nfd7 34. Bxg5 Rh7 35. Rd1 Rch8 36. Rxd7 Rh2+ 37. Kf1 Rh1+ 38. Kf2 R8h2+ 39. Ke3 Nxd7 40. Rxb7 Nc5 41. Rc7 Na4 42. Bf4 Rg2 43. Be5+ Kg6 44. Ra7 Nc5 45. Ra1 Rxa1 46. Bxa1 Rg1 47. Bd4 Nb3 48. b6 Na5 49. c5 Rc1 50. e5 Kg7 51. Bb5 Kf8 52. c6 Nxc6 53. Bxc6 Ke7 54. b7 Rb1 55. Ba7 1-0

[Event "PAR-ch sf"]
[Site "Asuncion"]
[Date "2017.08.12"]
[Round "2"]
[White "Recalde, Ariel"]
[Black "Zacarias Martinez, Ruben David"]
[Result "0-1"]
[WhiteElo "1920"]
[BlackElo "2224"]
[PlyCount "65"]
[EventDate "2017.08.11"]
[EventType "swiss"]
[EventRounds "9"]
[EventCountry "PAR"]
[SourceTitle "CBM 180 Extra"]
[Source "ChessBase"]
[SourceDate "2017.10.06"]
[SourceVersion "1"]
[SourceVersionDate "2017.10.06"]
[SourceQuality "1"]

1. d4 Nf6 2. c4 e6 3. g3 c5 4. Nf3 cxd4 5. Nxd4 Nc6 6. Bg2 Bc5 7. Nb3 Bb4+ 8. Bd2 Be7 9. 0-0 0-0 10. Nc3 d6 11. Rc1 Bd7 12. Bf4 Qb8 13. c5 Ne5 14. cxd6 Bxd6 15. Na5 Bc7 16. Bxb7 Rd8 17. Bxa8 Qxa8 18. Bxe5 Bxe5 19. Nc4 Bc7 20. Qb3 Rb8 21. Qa3 h5 22. Qc5 Rc8 23. Nd6 Bb6 24. Qg5 Rc5 25. Qh4 g5 26. Qb4 Qc6 27. Rcd1 a5 28. Qd4 e5 29. Qd2 Nh7 30. Nce4 Bh3 31. Nf6+ Nxf6 32. Qxg5+ Kf8 33. Qxf6 0-1

[Event "Asuncion Clasificatorio op 6th"]
[Site "Asuncion"]
[Date "2017.07.23"]
[Round "?"]
[White "Benitez Galeano, Alejandro"]
[Black "Recalde, Ariel"]
[Result "0-1"]
[WhiteElo "2076"]
[BlackElo "1897"]
[PlyCount "50"]
[EventDate "2017.07.21"]
[EventType "swiss"]
[EventRounds "7"]
[EventCountry "PAR"]
[SourceTitle "EXT 2023"]
[Source "ChessBase"]
[SourceDate "2022.10.05"]
[SourceVersion "1"]
[SourceVersionDate "2022.10.05"]
[SourceQuality "1"]

1. Nf3 d5 2. c4 c6 3. b3 dxc4 4. bxc4 e5 5. d3 Nf6 6. Nbd2 Bg4 7. Bb2 Bxf3 8. gxf3 Nbd7 9. Bh3 Bc5 10. Qb3 0-0 11. Rg1 Re8 12. Ne4 Nxe4 13. fxe4 Bb6 14. Qc2 Bd4 15. Bxd4 exd4 16. Qd2 Nf8 17. Rb1 Qc7 18. f4 Ng6 19. Rf1 Qe7 20. Rf3 Rab8 21. Kf1 b5 22. cxb5 Rxb5 23. Rxb5 cxb5 24. Qa5 Qc5 25. e5 Nxf4 0-1